| 000 | 00661nam a2200217 4500 | ||
|---|---|---|---|
| 003 | OSt | ||
| 005 | 20240625082124.0 | ||
| 006 | a | ||
| 008 | 240625b |||||||| |||| 00| 0 eng d | ||
| 020 | _a9780470505847 | ||
| 040 |
_aDWCL-Main lib. _cOC |
||
| 082 | _aCirc. 332.6 M691 2011 | ||
| 110 | _aEdwin J. Elton | ||
| 245 | _aModern portfolio theory and investment analysis / | ||
| 260 |
_aN.J. : _bJohn Wiley & Sons, Inc. , _cc2011. |
||
| 300 |
_axviii, _b727 p. : ill. ; _c26 cm. |
||
| 504 | _aIncludes bibliographical references & index. | ||
| 650 | _a1. Portfolio management. | ||
| 650 | _a2. Investment analysis. | ||
| 942 |
_2ddc _n0 _cBK-CIRC _kCirc. |
||
| 999 |
_c1339 _d1339 |
||